00860nam a22002417a 450000500170000001000130001702000220003003500130005203700160006504000120008108200160009310000320010924501160014126000420025727000410029930000270034050000200036765000230038765000290041094200250043999900190046495201350048320170124110039.0 aB-031010 c00.00a8170997763 aB-031010 bCen Lib/Ret aDPLbEN a381.34bPAN aPanta, Murali Prasad923310 aBusiness, consumer and the government :cby Murali Prasad Panta bwith its applications to commercial policy / aNew DelhibMittal Publications c2001 bNew DelhiaA-110,Mohan Gadene110059 axxiv, 348p. c20cm(Hb) aIncludes index  aEconomics 9102003 aBusiness consumer923312 2ddccENh381.34mPAN c128413d128413 00104070aLbLd2015-07-02eCen Lib/Retg0.00l1o381.34 PANpB-031010r2023-02-01 00:00:00s2023-01-18t1v0.00w2015-07-02yEN